Statement by the Managing Director to the International Monetary and Financial Committee on the Fund's Policy Agenda.

Since the IMFC last met, the global economic recovery has gathered strength and financial conditions have kept improving; but members continue to face multiple and diverse challenges-slow growth, high unemployment, and fiscal and financial vulnerabilities in many advanced economies; and rapid credit...

Fuld beskrivelse

Bibliografiske detaljer
Institution som forfatter: International Monetary Fund
Format: Tidsskrift
Sprog:English
Udgivet: Washington, D.C. : International Monetary Fund, 2011.
Serier:Policy Papers; Policy Paper ; No. 2011/027
Fag:
Online adgang:Full text available on IMF
LEADER 02228cas a2200313 a 4500
001 AALejournalIMF020118
008 230101c9999 xx r poo 0 0eng d
020 |c 5.00 USD 
020 |z 9781498338998 
022 |a 2663-3493 
040 |a BD-DhAAL  |c BD-DhAAL 
110 2 |a International Monetary Fund. 
245 1 0 |a Statement by the Managing Director to the International Monetary and Financial Committee on the Fund's Policy Agenda. 
264 1 |a Washington, D.C. :  |b International Monetary Fund,  |c 2011. 
300 |a 1 online resource (3 pages) 
490 1 |a Policy Papers 
500 |a <strong>Off-Campus Access:</strong> No User ID or Password Required 
500 |a <strong>On-Campus Access:</strong> No User ID or Password Required 
506 |a Electronic access restricted to authorized BRAC University faculty, staff and students 
520 3 |a Since the IMFC last met, the global economic recovery has gathered strength and financial conditions have kept improving; but members continue to face multiple and diverse challenges-slow growth, high unemployment, and fiscal and financial vulnerabilities in many advanced economies; and rapid credit growth and overheating pressures in some emerging markets. Rising food and energy prices have returned, further constraining policies. Meanwhile, global imbalances show no sign of abating, and volatility in cross border financial flows and exchange rates remains high. The outlook has been further challenged recently by unpredictable shocks: the tragic events in Japan and developments across the Middle East and North Africa. The latter also contain an important lesson for policy makers, namely that the quality of growth-especially its ability to combat unacceptably high unemployment and inequality-is critical to the sustainability of growth. 
538 |a Mode of access: Internet 
650 7 |a Continued Legitimacy  |2 imf 
650 7 |a Financial Condition  |2 imf 
650 7 |a Fund  |2 imf 
650 7 |a Governance Structure  |2 imf 
650 7 |a PP  |2 imf 
651 7 |a Japan  |2 imf 
830 0 |a Policy Papers; Policy Paper ;  |v No. 2011/027 
856 4 0 |z Full text available on IMF  |u http://elibrary.imf.org/view/journals/007/2011/027/007.2011.issue-027-en.xml  |z IMF e-Library